ARRUPE JESUIT UNIVERSITY

CORONAVIRUS -STOP THE SPREAD - CLEAN,DISINFECT,COVER

Mythes et contes populaires des riverains du Kasaï / (Record no. 127471)

MARC details
000 -LEADER
fixed length control field 01153cam a2200301 a 4500
001 - CONTROL NUMBER
control field 486106
003 - CONTROL NUMBER IDENTIFIER
control field ARRUPE
005 - DATE AND TIME OF LATEST TRANSACTION
control field 20180124085911.0
008 - FIXED-LENGTH DATA ELEMENTS--GENERAL INFORMATION
fixed length control field 860225s1983 gw 000 0 fre
010 ## - LIBRARY OF CONGRESS CONTROL NUMBER
LC control number 84149918
020 ## - INTERNATIONAL STANDARD BOOK NUMBER
International Standard Book Number 3515039228
040 ## - CATALOGING SOURCE
Original cataloging agency DLC
Transcribing agency DLC
Modifying agency DLC
041 1# - LANGUAGE CODE
Language code of text/sound track or separate title freger
043 ## - GEOGRAPHIC AREA CODE
Geographic area code f-cg---
-- f-ao---
050 00 - LIBRARY OF CONGRESS CALL NUMBER
Classification number GR357.8
Item number .D5314 1983
300 ## - PHYSICAL DESCRIPTION
Dimensions 24 cm.
100 ## - MAIN ENTRY--PERSONAL NAME
Personal name Frobenius, Leo
9 (RLIN) 25861
130 0# - MAIN ENTRY--UNIFORM TITLE
Uniform title Dichtkunst der Kassaiden.
Language of a work French.
9 (RLIN) 38811
245 10 - TITLE STATEMENT
Title Mythes et contes populaires des riverains du Kasaï /
Statement of responsibility, etc Leo Frobenius
260 ## - PUBLICATION, DISTRIBUTION, ETC. (IMPRINT)
Place of publication, distribution, etc Bonn:
Name of publisher, distributor, etc Inter Nationes,
Date of publication, distribution, etc 1983.
300 ## - PHYSICAL DESCRIPTION
Extent xii, 326 p. ;
440 #0 - SERIES STATEMENT/ADDED ENTRY--TITLE
Title Studien zur Kulturkunde ;
Volume number/sequential designation 70. Bd.
9 (RLIN) 38812
500 ## - GENERAL NOTE
General note Translation of: Dichtkunst der Kassaiden.
650 #0 - SUBJECT ADDED ENTRY--TOPICAL TERM
Topical term or geographic name as entry element Tales
Geographic subdivision Congo (Democratic Republic)
9 (RLIN) 38813
650 #0 - SUBJECT ADDED ENTRY--TOPICAL TERM
Topical term or geographic name as entry element Tales
Geographic subdivision Kasai River Valley (Angola and Congo)
9 (RLIN) 38814
650 #0 - SUBJECT ADDED ENTRY--TOPICAL TERM
Topical term or geographic name as entry element Legends
Geographic subdivision Congo (Democratic Republic)
9 (RLIN) 38815
650 #0 - SUBJECT ADDED ENTRY--TOPICAL TERM
Topical term or geographic name as entry element Legends
Geographic subdivision Kasai River Valley (Angola and Congo)
9 (RLIN) 38816
700 1# - ADDED ENTRY--PERSONAL NAME
Personal name Frobenius, Leo,
Dates associated with a name 1873-1938.
9 (RLIN) 25828
906 ## - LOCAL DATA ELEMENT F, LDF (RLIN)
a 7
b cbc
c orignew
d 4
e ncip
f 19
g y-gencatlg
942 ## - ADDED ENTRY ELEMENTS (KOHA)
Source of classification or shelving scheme Library of Congress Classification
Koha item type Monograph ( Printed materials)
Holdings
Withdrawn status Lost status Source of classification or shelving scheme Damaged status Not for loan Collection code Home library Current library Shelving location Date acquired Total Checkouts Full call number Barcode Date last seen Price effective from Koha item type
    Library of Congress Classification     Main Collection ARRUPE LIBRARY ARRUPE LIBRARY Main Collection 24/01/2018   GR357.8 .D5314 1983 46600000824 24/01/2018 24/01/2018 Monograph ( Printed materials)

 

Arrupe Library. PO Box MP320 Mt Pleasant, Harare, Zimbabwe
263 242 745411|librarian@aju.ac.zw